000 00659nam a22002177a 4500
003 UA-OsUOA
001 44067
007 ta
008 20100115b un ||||| |||| 00| 0 ukr d
090 _a281.9
_bВ85
942 _cBK
040 _aUA-OsUOA
_beng
_cUA-OsUOA
_dUA-OsUOA
245 _aВсесвітнє святкування 1000-річчя (988-1988) хрещення Русі-України у св. Православну віру
300 _a64 с.
955 _a4
041 _aeng
080 _a281.9
260 _aВінніпег
_c1988
650 7 _a281.9 Східна православна церква і скопці
_2UDC
999 _c423951
_d423951